000
00271nam a2200109Ia 4500
008
220216s9999 xx 000 0 und d
245
0
_a
More about rubber crash doors
260
_b
Rubber Developments
_c
1957
300
_a
89-91
650
_a
Rubber crash door
942
_c
JS
999
_c
63247
_d
63247